散文 : 世界文學名著欣賞大典
| 資料類型: | 圖書 | 書目號: | 36478 |
Leader xxxxxxxxxx 001 __ PCLIS00036478 005 __ 20061116112120.20 010 0_ |a957-|b平裝|dNT$120 020 __ |acw|b82005151 100 __ |a20061116d2006 0chib0109 e 101 0_ |achi 102 __ |acw 105 __ |aa z 000yy 200 1_ |a散文|e世界文學名著欣賞大典|f王必成編著|g 205 __ |a初版 210 __ |a臺北市|c聯經|d民67年 215 0_ |a面|c圖, 表|d公分 225 1_ |a|v 300 __ |a 681 __ |a855|b 700 __ |a王必成|b|4編著 702 _1 |a|b|4 801 __ |acw|b本館|c20061116 |